Sociedades /

Guardado en:
Autor Principal: Nieto, Oscar
Formato: Libro
Publicado: Buenos Aires : Induvio, 2005
Series:Colección Código de Comercio
Materias:
Etiquetas: Agregar Etiqueta
Sin Etiquetas, Sea el primero en etiquetar este registro!
LEADER 01371nam a22002295a 4500
001 CEM.cems013471
005 20110224094841.0
008 130507s2005##################000#0#####d
003 CEMS
082 0 4 |a CD347.51 
100 1 |a Nieto, Oscar 
245 1 0 |a Sociedades /  |c Oscar Nieto 
260 |a Buenos Aires :  |b Induvio,  |c 2005 
300 |a 1 CD-ROM 
490 0 |a Colección Código de Comercio 
500 |a Acompaña a la edición impresa de Práctica societaria, civiles, comerciales, de ahorro y prestamo 
505 0 |a Constitución sociedad -- Cooperativa -- Sociedad anónima -- Sociedad de responsabilidad limitada -- Sociedad accidental -- Sociedad comandita simple -- UTE -- Sociedad de hecho -- Asociación civil -- Fundaciones -- Mutuales -- Sociedad colectiva -- Sociedad comandita por acciones -- Sociedad de capital e industria -- Inspección general de justicia -- Tramites -- Jurisprudencia -- Entidades civiles -- Sociedades -- Legislación -- Dictamentes y comentarios -- Comisión Nacional de valores -- Texto actualizado de la resolución general Nº368/2001 -- Sociedades extranjeras -- Responsabilidad de los administradores, directores y gerentes -- Mercosur 
653 |a Derecho 
653 |a Sociedades 
653 |a Ley de sociedades comerciales 
653 |a Sociedades comerciales 
859 |a CEMS  |b BIB. CEMS - 11 de abril  |h CD347.51  |i N558  |p 2747.44  |t Ej.1